Dôsledky fluktuácie zamestnancov v hoteloch na Slovensku

Kvantifikácia nákladov spojených s fluktuáciou zamestnancov v hoteloch. Objektom skúmania sú zamestnanci vybraných hotelov na Slovensku združených vo Zväze hotelov a reštaurácií SR.

Gespeichert in:
Bibliographische Detailangaben
1. Verfasser: Vetráková, Milota
Weitere Verfasser: Dula, Radúz
Format: Buchkapitel
Sprache:Slowakisch
Schlagworte:
Tags: Tag hinzufügen
Keine Tags, Fügen Sie das erste Tag hinzu!

MARC

LEADER 00000naa a2200000 4500
001 0226660
005 20231016081142.0
041 0 |a slo 
044 |a SK 
245 1 0 |a Dôsledky fluktuácie zamestnancov v hoteloch na Slovensku  |c Milota Vetráková, Radúz Dula 
520 |a Kvantifikácia nákladov spojených s fluktuáciou zamestnancov v hoteloch. Objektom skúmania sú zamestnanci vybraných hotelov na Slovensku združených vo Zväze hotelov a reštaurácií SR. 
610 2 0 |a fluktuácia 
610 2 0 |a zamestnanci 
610 2 0 |a hotely 
610 2 0 |a Slovensko 
610 2 0 |a ruch cestovný 
100 1 |a Vetráková, Milota 
700 1 |a Dula, Radúz